| 000 | 00442nam a2200157Ia 4500 | ||
|---|---|---|---|
| 999 |
_c19507 _d19507 |
||
| 003 | OSt | ||
| 005 | 20200703143505.0 | ||
| 008 | 190216s9999||||xx |||||||||||||| ||und|| | ||
| 040 | _coclc | ||
| 082 |
_a940 _bTAY/E |
||
| 100 |
_aTaylor, A J P _93528 |
||
| 245 | 0 |
_aEurope: Grandeur And Decline / _cA J P Taylor |
|
| 260 |
_bPenguin Books, _c1983. _aEngland: |
||
| 300 | _a377p | ||
| 942 |
_cBK _2ddc _h940 _iTAY/E _k940 _mTAY/E |
||